000 00668nam a2200289Ia 4500
005 20260324145840.0
008 008 260324s9999 xx 000 0 eng d
020 _a9780429020636
037 _aEBOOK
040 _aCRL
040 _beng
040 _cCRL
041 _2eng
041 _aeng
084 _qCRL
100 _aDavid Christie-Murray
_91224400
245 0 _aVoices from the Gods
245 0 _bSpeaking with Tongues
260 _bTaylor and Francis
260 _c1978
365 _a
365 _b170
856 _uhttp://www.taylorfrancis.com/books/9780429020636
942 _cEBOOK
999 _c1832885
_d1832885